[Event "FIDE Grand Swiss Tournament 2019"]
[Site "Douglas ENG"]
[Date "2019.10.20"]
[Round "10"]
[White "Anand, Viswanathan"]
[Black "Wang, Hao"]
[Result "0-1"]
[WhiteElo "2765"]
[BlackElo "2726"]
[PlyCount "56"]
[EventDate "2019.10.10"]

1. e4 e5 2. Nf3 Nf6 3. d4 Nxe4 4. Bd3 d5 5. Nxe5 Nd7 6. Nc3 Nxe5 7. dxe5 Bb4 8.
O-O Nxc3 9. bxc3 Bxc3 10. Rb1 O-O 11. Bxh7+ Kxh7 12. Qd3+ Kg8 13. Qxc3 b6 14.
Qg3 Qd7 15. Rb4 Qf5 16. Rh4 Re8 17. f4 Re6 18. Qf3 Qe4 19. Qxe4 dxe4 20. Rg4
Ba6 21. Re1 Rd8 22. Rg3 Rc6 23. f5 Rd5 24. e6 Rxf5 25. Ra3 Bc4 26. exf7+ Bxf7
27. c3 a5 28. Rxe4 Rcf6 0-1

[Event "FIDE Grand Swiss Tournament 2019"]
[Site "Douglas ENG"]
[Date "2019.10.20"]
[Round "10"]
[White "Karjakin, Sergey"]
[Black "Alekseenko, Kirill"]
[Result "0-1"]
[WhiteElo "2760"]
[BlackElo "2674"]
[PlyCount "178"]
[EventDate "2019.10.10"]

1. Nf3 d5 2. g3 Nd7 3. d4 Nb6 4. Bg2 Bf5 5. O-O e6 6. Ne5 c6 7. c4 f6 8. cxd5
fxe5 9. dxc6 e4 10. cxb7 Rb8 11. Nc3 Nf6 12. Bg5 Be7 13. Bxf6 Bxf6 14. Nxe4
Bxe4 15. Bxe4 Qxd4 16. Qc2 Qc4 17. Qxc4 Nxc4 18. Rfd1 Nxb2 19. Bc6+ Kf8 20. Rd7
Nd3 21. Rd1 Nc5 22. R7d2 Kf7 23. Rc2 Be7 24. Rb1 Rhd8 25. Rb5 Na6 26. Bf3 Nb4
27. Rc4 Nd5 28. Rc6 Rd7 29. Bg4 Nc7 30. Rb3 Bd6 31. Bf3 Nd5 32. Kg2 Ke7 33.
Bxd5 exd5 34. Re3+ Kf7 35. Rf3+ Ke7 36. Re3+ Kf6 37. Rf3+ Ke6 38. Re3+ Kf6 39.
Rf3+ Ke5 40. Re3+ Kf5 41. Rf3+ Ke6 42. Re3+ Kf7 43. Rf3+ Kg8 44. Rc8+ Rd8 45.
Rfc3 Kf7 46. R3c6 Ke7 47. Ra6 Rdxc8 48. bxc8=Q Rxc8 49. Rxa7+ Rc7 50. Ra5 Bc5
51. e3 Kd6 52. Ra6+ Kd7 53. Ra4 Ra7 54. Rh4 Rxa2 55. Kf3 h6 56. Rg4 Bf8 57. Rf4
Be7 58. Rf7 g6 59. h4 Ra6 60. Rh7 Rf6+ 61. Kg2 h5 62. Rh8 Rf8 63. Rh6 Rg8 64.
Rh7 Ke6 65. Kg1 Rf8 66. Rg7 Kf6 67. Rh7 Rf7 68. Rh8 Bf8 69. Rg8 Kf5 70. Kg2 Rf6
71. Rh8 Ke6 72. Rh7 Rf7 73. Rh8 Ke7 74. f4 Kf6 75. Rg8 Bc5 76. Rd8 Ke6 77. Rg8
Kf5 78. Kf3 Rf8 79. Rg7 Re8 80. Rf7+ Ke6 81. Rb7 Ra8 82. Rg7 Ra3 83. Rxg6+ Ke7
84. Rg5 Rxe3+ 85. Kg2 Kd6 86. Rxh5 d4 87. Rh8 d3 88. h5 Kd7 89. Rh7+ Kc6 0-1

[Event "FIDE Grand Swiss Tournament 2019"]
[Site "Douglas ENG"]
[Date "2019.10.20"]
[Round "10"]
[White "Howell, David W L"]
[Black "Grischuk, Alexander"]
[Result "1-0"]
[WhiteElo "2694"]
[BlackElo "2759"]
[PlyCount "77"]
[EventDate "2019.10.10"]

1. Nf3 Nf6 2. c4 b6 3. g3 c5 4. Bg2 Bb7 5. O-O e6 6. Nc3 Be7 7. d4 cxd4 8. Qxd4
O-O 9. Rd1 Qc8 10. Bf4 Rd8 11. Nb5 d5 12. cxd5 Rxd5 13. Qa4 Na6 14. Nd6 Bxd6
15. Bxd6 Nc5 16. Qa3 Nce4 17. Rdc1 Qe8 18. Bb4 a5 19. Be1 Rad8 20. Rc2 h6 21.
Rac1 Rd1 22. Qb3 R1d6 23. Ne5 a4 24. Qb4 Ba8 25. Nc4 Rd4 26. Qxb6 e5 27. Qc7
Nd7 28. f3 Nec5 29. Bf2 Ne6 30. Qa7 Rd5 31. Qxa4 Nd4 32. Rd2 Qe6 33. e4 Rc5 34.
Bxd4 exd4 35. Rxd4 Bc6 36. Qd1 Rb8 37. b3 h5 38. h4 Qe7 39. Nd6 1-0

[Event "FIDE Grand Swiss Tournament 2019"]
[Site "Douglas ENG"]
[Date "2019.10.20"]
[Round "10"]
[White "Vitiugov, Nikita"]
[Black "Rakhmanov, Aleksandr"]
[Result "1-0"]
[WhiteElo "2732"]
[BlackElo "2621"]
[PlyCount "83"]
[EventDate "2019.10.10"]

1. d4 d5 2. c4 e6 3. Nf3 a6 4. c5 b6 5. cxb6 cxb6 6. Bf4 Bb7 7. e3 Nd7 8. Bd3
Ngf6 9. h3 Bb4+ 10. Nc3 O-O 11. Qb3 Qe7 12. O-O Bd6 13. a4 Rfc8 14. Rfe1 h6 15.
Rac1 Rab8 16. Rc2 Nh5 17. Bxd6 Qxd6 18. e4 dxe4 19. Bxe4 Qf8 20. Bxb7 Rxb7 21.
d5 Nf4 22. dxe6 Nxe6 23. Nd5 Ndc5 24. Qc4 b5 25. axb5 axb5 26. Qg4 Rd8 27. Rd2
Nd7 28. Nh4 Ra7 29. Rxe6 fxe6 30. Qxe6+ Kh7 31. Qe4+ g6 32. Nxg6 Qg7 33. Nge7+
Kh8 34. Nf4 Qf6 35. Nh5 Qg5 36. Rd5 Qc1+ 37. Kh2 Qc7+ 38. f4 Qb6 39. Ng6+ Kg8
40. Qe7 Qxg6 41. Qxd8+ Nf8 42. Rxb5 1-0

[Event "FIDE Grand Swiss Tournament 2019"]
[Site "Douglas ENG"]
[Date "2019.10.20"]
[Round "10"]
[White "Le, Quang Liem"]
[Black "Maghsoodloo, Parham"]
[Result "1-0"]
[WhiteElo "2708"]
[BlackElo "2664"]
[PlyCount "69"]
[EventDate "2019.10.10"]

1. d4 Nf6 2. c4 e6 3. Nc3 Bb4 4. e3 O-O 5. Nge2 c6 6. a3 Ba5 7. Ng3 d5 8. Bd2
Nbd7 9. Be2 dxc4 10. Bxc4 e5 11. Nce2 h5 12. Bxa5 Qxa5+ 13. b4 Qc7 14. Qc2 Re8
15. Rd1 a5 16. O-O axb4 17. axb4 Nb6 18. Bb3 h4 19. Ne4 Nbd5 20. h3 Nxe4 21.
Qxe4 Nxb4 22. dxe5 c5 23. Nf4 Ra3 24. Bc4 Qc6 25. Qb1 b5 26. Bxf7+ Kxf7 27. Rd6
Qc7 28. Qg6+ Kf8 29. Qh5 Ra6 30. Rfd1 Rxd6 31. Rxd6 Nc6 32. Ng6+ Kg8 33. Qh8+
Kf7 34. Rf6+ gxf6 35. Qxf6+ 1-0

[Event "FIDE Grand Swiss Tournament 2019"]
[Site "Douglas ENG"]
[Date "2019.10.20"]
[Round "10"]
[White "So, Wesley"]
[Black "Robson, Ray"]
[Result "1/2-1/2"]
[WhiteElo "2767"]
[BlackElo "2670"]
[PlyCount "148"]
[EventDate "2019.10.10"]

1. d4 d5 2. c4 c6 3. Nf3 Nf6 4. e3 Bg4 5. h3 Bh5 6. g4 Bg6 7. Ne5 e6 8. Nd2
Nbd7 9. h4 dxc4 10. Nxg6 hxg6 11. g5 Nd5 12. Nxc4 Bb4+ 13. Bd2 Qe7 14. a3 Bxd2+
15. Qxd2 N7b6 16. Ne5 Nd7 17. Nf3 e5 18. dxe5 Nxe5 19. Nxe5 Qxe5 20. O-O-O
O-O-O 21. Qd4 Qxd4 22. Rxd4 Nb6 23. Bh3+ Kc7 24. Rhd1 Rxd4 25. Rxd4 Nd5 26. Kd2
Kd6 27. b4 a6 28. a4 Ke7 29. a5 f5 30. gxf6+ gxf6 31. e4 Rxh4 32. Bc8 Rh8 33.
Bxb7 Rb8 34. exd5 Rxb7 35. dxc6 Rc7 36. b5 axb5 37. Kc3 Rxc6+ 38. Kb4 Rc2 39.
f3 Rb2+ 40. Kc5 b4 41. a6 Ra2 42. Kb6 b3 43. Rb4 b2 44. a7 Kd6 45. Rb5 g5 46.
Kb7 f5 47. a8=Q Rxa8 48. Kxa8 g4 49. f4 g3 50. Rxb2 Kd5 51. Re2 Kd4 52. Kb7 Kd3
53. Re1 Kd2 54. Re8 g2 55. Rg8 Ke3 56. Kc6 Kxf4 57. Rxg2 Ke3 58. Rg3+ Ke2 59.
Kd5 f4 60. Rb3 f3 61. Ke4 f2 62. Rb2+ Ke1 63. Ke3 f1=N+ 64. Kd3 Ng3 65. Ra2 Nf1
66. Re2+ Kd1 67. Rf2 Ke1 68. Rf3 Nd2 69. Re3+ Kd1 70. Re6 Nf1 71. Re5 Ng3 72.
Rg5 Nf1 73. Rg2 Ke1 74. Re2+ Kd1 1/2-1/2

[Event "FIDE Grand Swiss Tournament 2019"]
[Site "Douglas ENG"]
[Date "2019.10.20"]
[Round "10"]
[White "Yu, Yangyi"]
[Black "Kryvoruchko, Yuriy"]
[Result "1/2-1/2"]
[WhiteElo "2763"]
[BlackElo "2669"]
[PlyCount "88"]
[EventDate "2019.10.10"]

1. c4 Nf6 2. Nc3 e5 3. g3 Bb4 4. e4 Nc6 5. Nge2 d6 6. Bg2 Bc5 7. h3 a6 8. d3
O-O 9. O-O b5 10. Kh2 Rb8 11. b3 Nd4 12. Be3 Re8 13. Nd5 Ne6 14. Qd2 c6 15.
Nxf6+ Qxf6 16. f4 Bxe3 17. Qxe3 c5 18. Rad1 Bb7 19. Qd2 exf4 20. gxf4 Nd4 21.
Nxd4 Qxd4 22. Qf2 Qxf2 23. Rxf2 Re6 24. Re2 Rbe8 25. Bf3 f5 26. Kg3 Kf8 27.
Rde1 bxc4 28. bxc4 g6 29. Rb1 Ba8 30. Rb6 a5 31. Ra6 fxe4 32. Rxa5 Bb7 33. dxe4
Bxe4 34. Ra7 Bxf3 35. Rxe6 Rxe6 36. Kxf3 Re1 37. Rxh7 Rc1 38. Rd7 Rxc4 39. Rxd6
Kg7 40. Ra6 Rc3+ 41. Kg4 c4 42. a4 Ra3 43. h4 Ra1 44. a5 c3 1/2-1/2

[Event "FIDE Grand Swiss Tournament 2019"]
[Site "Douglas ENG"]
[Date "2019.10.20"]
[Round "10"]
[White "Svidler, Peter"]
[Black "Kovalev, Vladislav"]
[Result "1/2-1/2"]
[WhiteElo "2729"]
[BlackElo "2661"]
[PlyCount "67"]
[EventDate "2019.10.10"]

1. e4 e5 2. Nf3 Nc6 3. Bb5 a6 4. Ba4 Nf6 5. O-O Be7 6. Re1 b5 7. Bb3 d6 8. c3
O-O 9. h3 Nb8 10. d4 Nbd7 11. c4 c6 12. Nc3 b4 13. Na4 c5 14. d5 Re8 15. Bc2
Qc7 16. a3 a5 17. b3 Nf8 18. Nb2 Bd7 19. Be3 Ng6 20. Qd2 h6 21. Kh1 Nh7 22. Nd3
Qd8 23. Nc1 Nh4 24. Nxh4 Bxh4 25. Ne2 Bg5 26. Ra2 Bxe3 27. Qxe3 Qg5 28. Qxg5
hxg5 29. Rea1 Rad8 30. axb4 axb4 31. Ng3 g6 32. Nf1 Kf8 33. Ne3 Nf6 34. Ra7
1/2-1/2

[Event "FIDE Grand Swiss Tournament 2019"]
[Site "Douglas ENG"]
[Date "2019.10.20"]
[Round "10"]
[White "Nguyen, Ngoc Truong Son"]
[Black "Vidit, Santosh Gujrathi"]
[Result "1/2-1/2"]
[WhiteElo "2638"]
[BlackElo "2718"]
[PlyCount "36"]
[EventDate "2019.10.10"]

1. d4 Nf6 2. Nf3 d5 3. c4 e6 4. Nc3 Bb4 5. Bg5 h6 6. Bxf6 Qxf6 7. e3 O-O 8. Rc1
dxc4 9. Bxc4 c5 10. O-O cxd4 11. Nxd4 Bd7 12. Qb3 Nc6 13. Nxc6 Bxc3 14. Rxc3
Bxc6 15. Bb5 Bd5 16. Bc4 Bc6 17. Bb5 Bd5 18. Bc4 Bc6 1/2-1/2

[Event "FIDE Grand Swiss Tournament 2019"]
[Site "Douglas ENG"]
[Date "2019.10.20"]
[Round "10"]
[White "Xiong, Jeffery"]
[Black "Sevian, Samuel"]
[Result "1/2-1/2"]
[WhiteElo "2708"]
[BlackElo "2654"]
[PlyCount "98"]
[EventDate "2019.10.10"]

1. c4 e5 2. g3 Nf6 3. Bg2 c6 4. d4 e4 5. d5 Bb4+ 6. Bd2 Qe7 7. e3 O-O 8. Nc3
Na6 9. Nge2 d6 10. dxc6 bxc6 11. O-O Re8 12. Qa4 Rb8 13. a3 Nc5 14. Qc2 Bxc3
15. Bxc3 Bg4 16. Nd4 Bd7 17. Rab1 Nd3 18. b4 h5 19. b5 cxb5 20. cxb5 Rbc8 21.
Nc6 Bxc6 22. bxc6 Rxc6 23. Bxf6 Rxc2 24. Bxe7 Rxe7 25. Rb8+ Kh7 26. Rb7 Rxb7
27. Bxe4+ f5 28. Bxb7 Ra2 29. e4 Kg6 30. Rb1 Rxa3 31. Bc6 f4 32. Be8+ Kg5 33.
Rb5+ Ne5 34. gxf4+ Kxf4 35. Bxh5 g6 36. Be2 Ra2 37. Kf1 Ra1+ 38. Kg2 Ra2 39.
Kf1 Kxe4 40. Rb4+ Kf5 41. Rd4 Ra1+ 42. Kg2 Ra2 43. Kf1 Ra1+ 44. Kg2 Re1 45. Bf1
a5 46. Rxd6 a4 47. Ra6 Ra1 48. h4 a3 49. Ra4 a2 1/2-1/2

[Event "FIDE Grand Swiss Tournament 2019"]
[Site "Douglas ENG"]
[Date "2019.10.20"]
[Round "10"]
[White "Adhiban, Baskaran"]
[Black "Harikrishna, Pentala"]
[Result "0-1"]
[WhiteElo "2639"]
[BlackElo "2748"]
[PlyCount "92"]
[EventDate "2019.10.10"]

1. d4 Nf6 2. c4 e6 3. g3 c5 4. d5 exd5 5. cxd5 d6 6. Nc3 g6 7. Bg2 Bg7 8. Nf3
O-O 9. O-O Re8 10. Bf4 Bf5 11. Nh4 Bg4 12. Qd2 b5 13. Nxb5 Rxe2 14. Qc1 Ne4 15.
Bxe4 Rxe4 16. Nxd6 Rd4 17. Re1 Nd7 18. Bg5 Qb8 19. Be7 Rxd5 20. Qf4 Nf6 21.
Bxf6 Qxd6 22. Qxd6 Rxd6 23. Bxg7 Kxg7 24. f3 Be6 25. Re2 Rad8 26. a3 Rd2 27.
Rae1 R8d3 28. Rxd2 Rxd2 29. Rc1 c4 30. Ng2 g5 31. Ne3 Rxb2 32. Nxc4 Ra2 33. Rc3
Bxc4 34. Rxc4 Rxa3 35. Kf2 Ra2+ 36. Ke3 Rxh2 37. Ra4 h5 38. Ra5 Kg6 39. f4 g4
40. f5+ Kg5 41. Rxa7 f6 42. Ra5 Rg2 43. Ke4 Re2+ 44. Kd4 Re1 45. Rb5 h4 46.
gxh4+ Kxh4 0-1

[Event "FIDE Grand Swiss Tournament 2019"]
[Site "Douglas ENG"]
[Date "2019.10.20"]
[Round "10"]
[White "Wojtaszek, Radoslaw"]
[Black "Mamedov, Rauf"]
[Result "1-0"]
[WhiteElo "2748"]
[BlackElo "2645"]
[PlyCount "83"]
[EventDate "2019.10.10"]

1. d4 Nf6 2. c4 e6 3. Nf3 d5 4. g3 dxc4 5. Bg2 Bd7 6. O-O Bc6 7. Qc2 Nbd7 8.
Qxc4 Be7 9. Nc3 O-O 10. Re1 Bxf3 11. Bxf3 c6 12. Bg2 Qa5 13. Rd1 Rfd8 14. Qb3
Qb6 15. Qc2 Rac8 16. h3 h6 17. Rb1 Nf8 18. Na4 Qa6 19. b4 b5 20. Nc5 Bxc5 21.
bxc5 e5 22. dxe5 Rxd1+ 23. Qxd1 N6d7 24. e6 fxe6 25. Qc2 Ne5 26. a4 Nc4 27. Kh2
Qa5 28. axb5 cxb5 29. c6 a6 30. Bf4 Qa3 31. Rd1 Qc5 32. Be3 Qe7 33. Bd4 Qe8 34.
Qe4 Qe7 35. Bc3 Qf7 36. Qd4 Ng6 37. Ra1 a5 38. Bxa5 Ne7 39. Bc3 Nxc6 40. Bxc6
Rxc6 41. Ra8+ Kh7 42. Qe4+ 1-0

[Event "FIDE Grand Swiss Tournament 2019"]
[Site "Douglas ENG"]
[Date "2019.10.20"]
[Round "10"]
[White "Amin, Bassem"]
[Black "Sadhwani, Raunak"]
[Result "1-0"]
[WhiteElo "2699"]
[BlackElo "2479"]
[PlyCount "49"]
[EventDate "2019.10.10"]

1. Nf3 d5 2. g3 Nf6 3. Bg2 c6 4. c4 dxc4 5. O-O Nbd7 6. Na3 Nb6 7. Qc2 Be6 8.
Ng5 Bg4 9. Nxc4 Bxe2 10. Ne5 Bh5 11. Re1 e6 12. Bf3 Bg6 13. Bxc6+ Nbd7 14. Nxg6
hxg6 15. Bxb7 Rb8 16. Bd5 Nc5 17. Bc6+ Ncd7 18. d4 Be7 19. Bf4 Rc8 20. d5 e5
21. Ne6 Qa5 22. Rxe5 Ng4 23. Nc7+ Kd8 24. Rxe7 Kxe7 25. Qe2+ 1-0

[Event "FIDE Grand Swiss Tournament 2019"]
[Site "Douglas ENG"]
[Date "2019.10.20"]
[Round "10"]
[White "Van Foreest, Jorden"]
[Black "Artemiev, Vladislav"]
[Result "1/2-1/2"]
[WhiteElo "2621"]
[BlackElo "2746"]
[PlyCount "105"]
[EventDate "2019.10.10"]

1. e4 c6 2. d4 d5 3. Nd2 dxe4 4. Nxe4 Bf5 5. Ng3 Bg6 6. h4 h6 7. Nf3 Nd7 8. h5
Bh7 9. Bd3 Bxd3 10. Qxd3 e6 11. Bd2 Ngf6 12. O-O-O a5 13. Kb1 Bb4 14. Bc1 a4
15. a3 Be7 16. Qe2 b5 17. Ne5 Qc7 18. Ne4 Nd5 19. Qg4 Rg8 20. Nxd7 Kxd7 21. Qf3
Raf8 22. Nc5+ Bxc5 23. dxc5 Qa7 24. Be3 Kc8 25. Rh4 Rd8 26. c4 bxc4 27. Rxc4 e5
28. Bc1 Rd7 29. Qg4 Rgd8 30. Rxa4 Qxc5 31. Rc4 Qb5 32. a4 Qa6 33. Rc2 Kb8 34.
Re1 f6 35. Qc4 Qxc4 36. Rxc4 Kb7 37. f4 exf4 38. Bxf4 Nb6 39. Rce4 Rd1+ 40.
Rxd1 Rxd1+ 41. Kc2 Rd5 42. Re7+ Ka6 43. Rxg7 Rxh5 44. Be3 Re5 45. Bd4 Rd5 46.
Bxf6 Nxa4 47. g4 Nc5 48. Rh7 Ne4 49. Rxh6 Rd2+ 50. Kb3 Rg2 51. g5 Nxg5 52. Bxg5
Rxg5 53. Rxc6+ 1/2-1/2

[Event "FIDE Grand Swiss Tournament 2019"]
[Site "Douglas ENG"]
[Date "2019.10.20"]
[Round "10"]
[White "Bu, Xiangzhi"]
[Black "Parligras, Mircea-Emilian"]
[Result "1/2-1/2"]
[WhiteElo "2721"]
[BlackElo "2629"]
[PlyCount "63"]
[EventDate "2019.10.10"]

1. c4 e6 2. Nc3 d5 3. d4 Bb4 4. Nf3 Nf6 5. Bg5 dxc4 6. e4 h6 7. Bxf6 Qxf6 8. e5
Qd8 9. Qa4+ Nc6 10. Bxc4 Bd7 11. Qc2 Na5 12. Be2 c5 13. O-O cxd4 14. Nb5 O-O
15. Rfd1 Rc8 16. Qe4 Bc6 17. Qxd4 Qxd4 18. Nfxd4 Bxb5 19. Bxb5 Rfd8 20. Nf3 a6
21. Rxd8+ Rxd8 22. Be2 g5 23. h3 Bc5 24. Rc1 Bb6 25. Kf1 Kg7 26. Rc3 Rd7 27.
Bd3 Rc7 28. Rxc7 Bxc7 29. Be4 Nc4 30. Bxb7 a5 31. b3 Nxe5 32. Nxe5 1/2-1/2

[Event "FIDE Grand Swiss Tournament 2019"]
[Site "Douglas ENG"]
[Date "2019.10.20"]
[Round "10"]
[White "Lei, Tingjie"]
[Black "Shankland, Sam"]
[Result "1/2-1/2"]
[WhiteElo "2469"]
[BlackElo "2705"]
[PlyCount "88"]
[EventDate "2019.10.10"]

1. e4 c6 2. d4 d5 3. e5 Bf5 4. Nf3 e6 5. Be2 Nd7 6. O-O h6 7. Nbd2 Ne7 8. Re1
Bg6 9. Nf1 Nf5 10. Bd3 Be7 11. Ne3 Nxe3 12. Bxe3 Bxd3 13. Qxd3 Qb6 14. a4 a5
15. c3 Qa6 16. Qc2 b5 17. Nd2 Nb6 18. axb5 cxb5 19. Nb3 a4 20. Nc5 Qc8 21. Qe2
Nc4 22. Nd3 a3 23. bxa3 Rxa3 24. Rxa3 Bxa3 25. Qc2 Be7 26. Qb3 Qc6 27. Nb4 Qa8
28. Nc2 Qc6 29. Nb4 Qb7 30. Nc2 O-O 31. Rb1 Rb8 32. h3 Qc6 33. Bf4 Bd8 34. Na3
Ba5 35. Nxc4 dxc4 36. Qc2 Bd8 37. Bd2 Be7 38. Qb2 Qe4 39. Re1 Qf5 40. Qa2 Bh4
41. g3 Bg5 42. Bxg5 Qxg5 43. Qa7 Qd8 44. Ra1 Qb6 1/2-1/2

[Event "FIDE Grand Swiss Tournament 2019"]
[Site "Douglas ENG"]
[Date "2019.10.21"]
[Round "11"]
[White "Nakamura, Hikaru"]
[Black "Caruana, Fabiano"]
[Result "1/2-1/2"]
[WhiteElo "2745"]
[BlackElo "2812"]
[PlyCount "61"]
[EventDate "2019.??.??"]

1. e4 e5 2. Nf3 Nf6 3. Nxe5 d6 4. Nf3 Nxe4 5. d3 Nf6 6. d4 d5 7. h3 Nc6 8. Bd3
Nb4 9. Bb5+ c6 10. Ba4 Bd6 11. O-O O-O 12. c3 Na6 13. Bc2 Nc7 14. Bg5 Ne6 15.
Bh4 Nf4 16. Ne5 Ng6 17. Bg3 Bxe5 18. dxe5 Ne4 19. Bxe4 dxe4 20. Nd2 Qd5 21. Re1
Bf5 22. Nb3 Rfe8 23. Qxd5 cxd5 24. Rad1 Rad8 25. Nd4 Bd7 26. f3 Nxe5 27. fxe4
dxe4 28. Rxe4 Nc6 29. Rxe8+ Bxe8 30. Bf2 Nxd4 31. Rxd4 1/2-1/2

[Event "FIDE Grand Swiss Tournament 2019"]
[Site "Douglas ENG"]
[Date "2019.10.21"]
[Round "11"]
[White "Aronian, Levon"]
[Black "Carlsen, Magnus"]
[Result "1/2-1/2"]
[WhiteElo "2758"]
[BlackElo "2876"]
[PlyCount "67"]
[EventDate "2019.??.??"]

1. d4 Nf6 2. c4 e6 3. Nc3 Bb4 4. f3 c5 5. d5 b5 6. e4 d6 7. Bd2 Bxc3 8. Bxc3 b4
9. Bd2 O-O 10. Be3 exd5 11. cxd5 Nfd7 12. Ne2 f5 13. exf5 Rxf5 14. Ng3 Re5 15.
Kf2 Qh4 16. Qd2 Nf6 17. Rc1 Ba6 18. b3 Nxd5 19. Rc4 Qe7 20. Re4 Qe6 21. Bf4
Nxf4 22. Qxf4 Bxf1 23. Rxe5 dxe5 24. Qe4 Nc6 25. Rxf1 c4 26. Nf5 cxb3 27. Qxc6
Qxc6 28. Ne7+ Kf8 29. Nxc6 bxa2 30. Nxb4 Rb8 31. Ra1 Rxb4 32. Rxa2 Rb7 33. Ke3
Ke7 34. Ra6 1/2-1/2

[Event "FIDE Grand Swiss Tournament 2019"]
[Site "Douglas ENG"]
[Date "2019.10.21"]
[Round "11"]
[White "Alekseenko, Kirill"]
[Black "Vitiugov, Nikita"]
[Result "*"]
[WhiteElo "2674"]
[BlackElo "2732"]
[PlyCount "102"]
[EventDate "2019.??.??"]

1. e4 e5 2. Nf3 Nc6 3. Bc4 Bc5 4. O-O Nf6 5. d3 d6 6. c3 a6 7. a4 Ba7 8. Re1
O-O 9. h3 h6 10. Nbd2 Re8 11. b4 Be6 12. Bxe6 Rxe6 13. Qc2 Qd7 14. Rb1 b5 15.
Ra1 Ree8 16. Nb3 Ne7 17. Bd2 Ng6 18. c4 c6 19. c5 dxc5 20. bxc5 Rad8 21. axb5
axb5 22. d4 Bb8 23. Ba5 Bc7 24. Bb6 Ra8 25. Rad1 Qc8 26. Bxc7 Qxc7 27. d5 Ra4
28. dxc6 Ra6 29. Rd6 Rxc6 30. Qd2 Rxd6 31. cxd6 Qb6 32. Qb4 Rc8 33. Rd1 Rc2 34.
Rd2 Rxd2 35. Nfxd2 Nf4 36. Nc4 Qc6 37. Nxe5 Qc2 38. Nd2 Qc1+ 39. Kh2 Qe1 40.
Qd4 Ne2 41. Ndf3 Nxd4 42. Nxe1 Kf8 43. f3 Ke8 44. N1d3 Nd7 45. Nxd7 Kxd7 46. e5
Ke6 47. f4 Nc6 48. Kg3 f6 49. Kg4 fxe5 50. fxe5 b4 51. Kf4 b3 *

[Event "FIDE Grand Swiss Tournament 2019"]
[Site "Douglas ENG"]
[Date "2019.10.21"]
[Round "11"]
[White "Wang, Hao"]
[Black "Howell, David W L"]
[Result "1-0"]
[WhiteElo "2726"]
[BlackElo "2694"]
[PlyCount "73"]
[EventDate "2019.??.??"]

1. d4 Nf6 2. c4 g6 3. g3 Bg7 4. Bg2 d5 5. cxd5 Nxd5 6. Nf3 Nb6 7. O-O Nc6 8. e3
e5 9. Nc3 exd4 10. Nxd4 Nxd4 11. exd4 c6 12. d5 cxd5 13. Nxd5 O-O 14. Be3 Be6
15. Nxb6 axb6 16. Bxb7 Rxa2 17. Rxa2 Bxa2 18. Qa4 Bd5 19. Rd1 Bxb7 20. Rxd8
Rxd8 21. f4 Bxb2 22. Qa7 Rd7 23. Qxb6 Ba1 24. Qb5 Rd1+ 25. Kf2 Bh1 26. Qe8+ Kg7
27. Bc5 h5 28. Bf8+ Kf6 29. Qe7+ Kf5 30. Qxf7+ Bf6 31. Be7 Rd2+ 32. Ke3 Rxh2
33. Qxf6+ Kg4 34. Qxg6+ Kh3 35. f5 Bd5 36. f6 Kg2 37. Qc2+ 1-0

[Event "FIDE Grand Swiss Tournament 2019"]
[Site "Douglas ENG"]
[Date "2019.10.21"]
[Round "11"]
[White "Anton Guijarro, David"]
[Black "Hovhannisyan, Robert"]
[Result "*"]
[WhiteElo "2674"]
[BlackElo "2639"]
[PlyCount "112"]
[EventDate "2019.??.??"]

1. c4 c6 2. d4 d5 3. Nf3 Nf6 4. Nc3 dxc4 5. a4 Bf5 6. Ne5 e6 7. f3 Bb4 8. Nxc4
O-O 9. Kf2 Nd5 10. Na2 b5 11. Nxb4 bxc4 12. Na2 c5 13. e4 cxd4 14. Bxc4 Nb6 15.
Be2 Bg6 16. a5 Nc8 17. Nb4 Ne7 18. h4 h5 19. Nd3 Nbc6 20. Bf4 Nxa5 21. Qa4 Nac6
22. b4 e5 23. b5 exf4 24. bxc6 Qd6 25. Rhc1 Rfc8 26. Qb4 Qd8 27. Ra6 Rc7 28.
Nxf4 Rac8 29. Bb5 d3 30. Qc5 Nxc6 31. Bxc6 Qxh4+ 32. g3 Qf6 33. Qc3 d2 34. Qxd2
Bxe4 35. fxe4 Rxc6 36. e5 Rc2 37. exf6 Rxd2+ 38. Ke3 Rxc1 39. Kxd2 Rh1 40. Ra5
h4 41. Rg5 g6 42. gxh4 Rxh4 43. Ke3 Kh7 44. Rc5 Kh6 45. Ne6 Rh3+ 46. Ke4 Rh4+
47. Ke5 Rh1 48. Kd6 fxe6 49. Rc8 Rf1 50. Ke7 Kg5 51. f7 Rxf7+ 52. Kxf7 Kf5 53.
Rc1 e5 54. Rf1+ Ke4 55. Kf6 g5 56. Kxg5 Kd3 *

[Event "FIDE Grand Swiss Tournament 2019"]
[Site "Douglas ENG"]
[Date "2019.10.21"]
[Round "11"]
[White "Kryvoruchko, Yuriy"]
[Black "So, Wesley"]
[Result "1/2-1/2"]
[WhiteElo "2669"]
[BlackElo "2767"]
[PlyCount "74"]
[EventDate "2019.??.??"]

1. e4 e5 2. Nf3 Nc6 3. Nc3 Nf6 4. d4 exd4 5. Nxd4 Bb4 6. Nxc6 bxc6 7. Bd3 O-O
8. O-O d5 9. Bd2 Rb8 10. Re1 Re8 11. a3 Bf8 12. Rb1 Ng4 13. h3 Ne5 14. Bf1 d4
15. Na4 c5 16. f4 Ng6 17. b3 Bb7 18. Bd3 c4 19. Bxc4 Bxe4 20. Nb2 Qh4 21. Nd3
Bd6 22. Qg4 Qxg4 23. hxg4 Bxd3 24. cxd3 Nxf4 25. Bxf4 Bxf4 26. Rxe8+ Rxe8 27.
Rf1 Be3+ 28. Kh2 Re7 29. g3 c5 30. Rf5 Rc7 31. Kg2 g6 32. Re5 Kf8 33. Rd5 Bc1
34. a4 Bd2 35. Rd8+ Ke7 36. Rh8 Kf6 37. Rxh7 Re7 1/2-1/2

[Event "FIDE Grand Swiss Tournament 2019"]
[Site "Douglas ENG"]
[Date "2019.10.21"]
[Round "11"]
[White "Robson, Ray"]
[Black "Anand, Viswanathan"]
[Result "1/2-1/2"]
[WhiteElo "2670"]
[BlackElo "2765"]
[PlyCount "60"]
[EventDate "2019.??.??"]

1. e4 e5 2. Nf3 Nc6 3. Bb5 Nf6 4. O-O Nxe4 5. Re1 Nd6 6. Nxe5 Be7 7. Bf1 Nxe5
8. Rxe5 O-O 9. d4 Bf6 10. Re1 Re8 11. c3 Rxe1 12. Qxe1 Ne8 13. Bf4 d5 14. Bd3
g6 15. Nd2 Ng7 16. Nf3 Bf5 17. Bxf5 Nxf5 18. Qe2 c6 19. Re1 Ng7 20. h3 Qd7 21.
Be5 Re8 22. Qd2 Bd8 23. Bxg7 Kxg7 24. Rxe8 Qxe8 25. Qf4 Qe7 26. Qe5+ Qxe5 27.
Nxe5 f6 28. Nd3 Be7 29. g4 Kf7 30. Kg2 Ke6 1/2-1/2

[Event "FIDE Grand Swiss Tournament 2019"]
[Site "Douglas ENG"]
[Date "2019.10.21"]
[Round "11"]
[White "Sevian, Samuel"]
[Black "Yu, Yangyi"]
[Result "1/2-1/2"]
[WhiteElo "2654"]
[BlackElo "2763"]
[PlyCount "85"]
[EventDate "2019.??.??"]

1. e4 e5 2. Nf3 Nc6 3. Bb5 a6 4. Ba4 Nf6 5. O-O b5 6. Bb3 Bb7 7. d3 Be7 8. c4
bxc4 9. Bxc4 O-O 10. Nc3 d6 11. a3 Qd7 12. Be3 Nd8 13. b4 Kh8 14. h3 Ne6 15.
Rc1 h6 16. Re1 a5 17. b5 c5 18. bxc6 Bxc6 19. d4 exd4 20. Nxd4 Nxd4 21. Bxd4
Rae8 22. Qd3 Bd8 23. Rb1 Qc8 24. Bb5 Qa8 25. Bxc6 Qxc6 26. Qb5 Qc8 27. Re3 Re6
28. f4 Nd7 29. f5 Ree8 30. Nd5 Bg5 31. Re2 Qd8 32. Qb2 Nf6 33. Bxf6 Bxf6 34.
Nxf6 gxf6 35. Rd1 Kh7 36. Qd4 d5 37. Qxd5 Qc7 38. Qd6 Qc3 39. Qd4 Rc8 40. Re3
Qc2 41. Rde1 Rg8 42. R3e2 Qc3 43. Qxc3 1/2-1/2

[Event "FIDE Grand Swiss Tournament 2019"]
[Site "Douglas ENG"]
[Date "2019.10.21"]
[Round "11"]
[White "Kovalev, Vladislav"]
[Black "Karjakin, Sergey"]
[Result "1/2-1/2"]
[WhiteElo "2661"]
[BlackElo "2760"]
[PlyCount "67"]
[EventDate "2019.??.??"]

1. e4 e5 2. Nf3 Nc6 3. Bb5 Nf6 4. O-O Nxe4 5. Re1 Nd6 6. Nxe5 Be7 7. Bf1 Nxe5
8. Rxe5 O-O 9. d4 Bf6 10. Re1 Re8 11. Bf4 Rxe1 12. Qxe1 Ne8 13. Nc3 Bxd4 14.
Nd5 d6 15. Bg5 f6 16. Bh4 Bxb2 17. Rb1 Be5 18. f4 c6 19. fxe5 cxd5 20. exf6
Nxf6 21. Bd3 Bd7 22. h3 b5 23. Bxb5 Qe8 24. Qxe8+ Bxe8 25. Ba6 Bg6 26. Bxf6
gxf6 27. Bb7 Re8 28. Bxd5+ Bf7 29. Rb5 Re5 30. c4 Bxd5 31. cxd5 Kg7 32. Ra5 Kg6
33. Rxa7 Rxd5 34. a4 1/2-1/2

[Event "FIDE Grand Swiss Tournament 2019"]
[Site "Douglas ENG"]
[Date "2019.10.21"]
[Round "11"]
[White "Grischuk, Alexander"]
[Black "Gelfand, Boris"]
[Result "1-0"]
[WhiteElo "2759"]
[BlackElo "2686"]
[PlyCount "71"]
[EventDate "2019.??.??"]

1. e4 e5 2. Nf3 Nf6 3. Nxe5 d6 4. Nf3 Nxe4 5. d4 d5 6. Bd3 Be7 7. O-O Bf5 8.
Ne5 Nd7 9. Nc3 Nxc3 10. bxc3 Bxd3 11. cxd3 O-O 12. Qb3 Nxe5 13. dxe5 Rb8 14. f4
f5 15. a4 Qd7 16. d4 a5 17. Ba3 Bxa3 18. Rxa3 Qc6 19. Rb1 b6 20. Ra2 Rfd8 21.
h3 Rd7 22. Kh2 Qe6 23. Qb5 Rbd8 24. Rc2 h5 25. Rbc1 h4 26. Qe2 Qc6 27. Qh5 Rf8
28. c4 Qxa4 29. e6 Re7 30. cxd5 Qxd4 31. Qg5 Rf6 32. Rxc7 Rxc7 33. Rxc7 Rg6 34.
Rc8+ Kh7 35. Qh5+ Rh6 36. Qxf5+ 1-0